Optical networks: A practical perspective

Saved in:
Bibliographic Details
Main Author: Rajiv Ramaswami
Format: Book
Language:Undetermined
Published: Morgan Kaufmann 1998
Subjects:
Tags: Add Tag
No Tags, Be the first to tag this record!
Institutions: Trung tâm Học liệu Trường Đại học Cần Thơ
LEADER 00532nam a2200181Ia 4500
001 CTU_32805
008 210402s9999 xx 000 0 und d
020 |b 1.193.000đ 
082 |a 621.382 
082 |b R166 
100 |a Rajiv Ramaswami 
245 0 |a Optical networks: A practical perspective 
245 0 |c Rajiv Ramaswami, Kumar N Sivarajan 
260 |a Morgan Kaufmann 
260 |c 1998 
650 |a fiber optics,optical communications 
904 |i Minh, 990824 
980 |a Trung tâm Học liệu Trường Đại học Cần Thơ